000 00751nam a2200265 a 4500
001 72349
003 BD-RjUL
005 20211209082241.0
008 170516s1972 nyua b 001 0 eng
020 _a0471986739
035 _a(BD-RjUL)72566
040 _aDLC
_cDLC
_dBD-RjUL
_beng
041 _aeng
082 0 0 _a551
_223
_bZUE 1972
100 1 _aZumberge, James Herbert.
_9213965
245 1 0 _aElements of geology /
_cJames H. Zumberge and Clemens A. Nelson.
250 _a3d ed.
260 _aNew York :
_bWiley,
_c1972.
300 _a431 p. :
_bill. ;
_c27 cm.
500 _aIncludes index
650 0 _aGeology.
_9213966
700 1 _aNelson, Clemens Arvid,
_d1918-
_ejoint author.
_9213967
942 _2ddc
_cBK
999 _c72349
_d72349